000 01096cam a2200325 a 4500
001 2286
005 20260324085007.0
020 _a0688099505
020 _a0688099513
040 _aDLC
_cDLC
_dDLC
_beng
050 0 0 _aPS3553.R45
_bZ465 1991
082 0 0 _a813.54
_220
100 1 _aCrews, Donald
245 1 0 _aBigmama's /
_cDonald Crews.
260 _aNew York :
_bScholastic,
_c1991
300 _a30 unnumbered pages :
_bIllustrations
_c20x25 cm
505 _aK
520 _aVisiting Bigmama's house in the country, young Donald Crews finds his relatives full of news and the old place and its surroundings just the same as the year before.
521 _a550
_bLexile
521 _aK
_bRaz-Plus
650 0 _aAuthors, American
_y20th century
_vBiography
_vJuvenile literature.
650 0 _aCountry life
_zUnited States
_vJuvenile literature.
650 1 _aAuthors, American.
650 1 _aIllustrators.
650 1 _aAfrican Americans
_vBiography.
650 1 _aFamily life.
650 1 _aCountry life.
906 _a7
_bcbc
_corignew
_d1
_eocip
_f19
_gy-gencatlg
942 _2ddc
_cBK
_n0
999 _c2286
_d2286